<?xml version="1.0" encoding="UTF-8"?>
<record
    xmlns:xsi="http://www.w3.org/2001/XMLSchema-instance"
    xsi:schemaLocation="http://www.loc.gov/MARC21/slim http://www.loc.gov/standards/marcxml/schema/MARC21slim.xsd"
    xmlns="http://www.loc.gov/MARC21/slim">

  <leader>01034nas a2200265 i 4500</leader>
  <controlfield tag="001">254958</controlfield>
  <controlfield tag="003">AGN</controlfield>
  <controlfield tag="005">20260317082502.0</controlfield>
  <controlfield tag="007">ta</controlfield>
  <controlfield tag="008">260316e2002    dr qn|||r||||||0| | spa d</controlfield>
  <datafield tag="040" ind1=" " ind2=" ">
    <subfield code="a">AGN</subfield>
    <subfield code="c">DO-SdBNP</subfield>
    <subfield code="b">spa</subfield>
    <subfield code="e">rda</subfield>
  </datafield>
  <datafield tag="041" ind1=" " ind2=" ">
    <subfield code="a">spa</subfield>
  </datafield>
  <datafield tag="245" ind1=" " ind2=" ">
    <subfield code="a">Ministerio p&#xFA;blico :  </subfield>
    <subfield code="b">revista de la Procuradur&#xED;a General de la Rep&#xFA;blica / </subfield>
    <subfield code="c">Procuradur&#xED;a General de la Rep&#xFA;blica.</subfield>
  </datafield>
  <datafield tag="264" ind1=" " ind2=" ">
    <subfield code="a">Santo Domingo, Rep&#xFA;blica Dominicana :</subfield>
    <subfield code="b">Procuradur&#xED;a General de la Rep&#xFA;blica, </subfield>
    <subfield code="c">2002.</subfield>
  </datafield>
  <datafield tag="300" ind1=" " ind2=" ">
    <subfield code="a">volumen : </subfield>
    <subfield code="b">ilustraciones, fotograf&#xED;as ; </subfield>
    <subfield code="c">28 cm.</subfield>
  </datafield>
  <datafield tag="310" ind1=" " ind2=" ">
    <subfield code="a">Trimestral. </subfield>
  </datafield>
  <datafield tag="336" ind1=" " ind2=" ">
    <subfield code="a">texto </subfield>
    <subfield code="b">txt </subfield>
    <subfield code="2">rdacontent </subfield>
  </datafield>
  <datafield tag="337" ind1=" " ind2=" ">
    <subfield code="a">sin mediaci&#xF3;n </subfield>
    <subfield code="b">n </subfield>
    <subfield code="2">rdamedia</subfield>
  </datafield>
  <datafield tag="338" ind1=" " ind2=" ">
    <subfield code="a">volumen </subfield>
    <subfield code="b">nc </subfield>
    <subfield code="2">rdacarrier</subfield>
  </datafield>
  <datafield tag="362" ind1=" " ind2=" ">
    <subfield code="a">A&#xF1;o 5. No. 18, junio 2002.</subfield>
  </datafield>
  <datafield tag="500" ind1=" " ind2=" ">
    <subfield code="a">Catalogaci&#xF3;n basada en el: A&#xF1;o 5. No. 18, junio 2002.</subfield>
  </datafield>
  <datafield tag="650" ind1=" " ind2=" ">
    <subfield code="9">50120</subfield>
    <subfield code="a">Procuradur&#xED;a General de la Rep&#xFA;blica</subfield>
    <subfield code="v">Publicaciones peri&#xF3;dicas </subfield>
    <subfield code="z">Rep&#xFA;blica Dominicana</subfield>
  </datafield>
  <datafield tag="856" ind1=" " ind2=" ">
    <subfield code="q">URL</subfield>
    <subfield code="u">www.procuradur&#xED;a.gov.do</subfield>
    <subfield code="y">Recurso digital</subfield>
  </datafield>
  <datafield tag="942" ind1=" " ind2=" ">
    <subfield code="2">ddc</subfield>
    <subfield code="c">ISSUE</subfield>
  </datafield>
  <datafield tag="952" ind1=" " ind2=" ">
    <subfield code="0">0</subfield>
    <subfield code="1">0</subfield>
    <subfield code="2">ddc</subfield>
    <subfield code="4">0</subfield>
    <subfield code="5">6</subfield>
    <subfield code="7">0</subfield>
    <subfield code="8">SE</subfield>
    <subfield code="a">BNPHU</subfield>
    <subfield code="b">BNPHU</subfield>
    <subfield code="d">2026-03-16</subfield>
    <subfield code="h">A&#xF1;o 5. No. 18, junio 2002</subfield>
    <subfield code="l">0</subfield>
    <subfield code="p">2026-2237</subfield>
    <subfield code="r">2026-03-16</subfield>
    <subfield code="t">e.1</subfield>
    <subfield code="w">2026-03-16</subfield>
    <subfield code="y">ISSUE</subfield>
  </datafield>
  <datafield tag="952" ind1=" " ind2=" ">
    <subfield code="0">0</subfield>
    <subfield code="1">0</subfield>
    <subfield code="2">ddc</subfield>
    <subfield code="4">0</subfield>
    <subfield code="5">6</subfield>
    <subfield code="7">0</subfield>
    <subfield code="8">SE</subfield>
    <subfield code="a">BNPHU</subfield>
    <subfield code="b">BNPHU</subfield>
    <subfield code="d">2026-03-16</subfield>
    <subfield code="h">A&#xF1;o 5. No. 19, agosto 2002</subfield>
    <subfield code="l">0</subfield>
    <subfield code="p">2026-2238</subfield>
    <subfield code="r">2026-03-16</subfield>
    <subfield code="t">e.1</subfield>
    <subfield code="w">2026-03-16</subfield>
    <subfield code="y">ISSUE</subfield>
  </datafield>
  <datafield tag="952" ind1=" " ind2=" ">
    <subfield code="0">0</subfield>
    <subfield code="1">0</subfield>
    <subfield code="2">ddc</subfield>
    <subfield code="4">0</subfield>
    <subfield code="5">6</subfield>
    <subfield code="7">0</subfield>
    <subfield code="8">SE</subfield>
    <subfield code="a">BNPHU</subfield>
    <subfield code="b">BNPHU</subfield>
    <subfield code="d">2026-03-16</subfield>
    <subfield code="h">A&#xF1;o 5. No. 19, agosto 2002</subfield>
    <subfield code="l">0</subfield>
    <subfield code="p">2026-2239</subfield>
    <subfield code="r">2026-03-16</subfield>
    <subfield code="t">e.2</subfield>
    <subfield code="w">2026-03-16</subfield>
    <subfield code="y">ISSUE</subfield>
  </datafield>
  <datafield tag="952" ind1=" " ind2=" ">
    <subfield code="0">0</subfield>
    <subfield code="1">0</subfield>
    <subfield code="2">ddc</subfield>
    <subfield code="4">0</subfield>
    <subfield code="5">6</subfield>
    <subfield code="7">0</subfield>
    <subfield code="8">SE</subfield>
    <subfield code="a">BNPHU</subfield>
    <subfield code="b">BNPHU</subfield>
    <subfield code="d">2026-03-16</subfield>
    <subfield code="h">A&#xF1;o 5. No. 20, octubre-diciembre 2002</subfield>
    <subfield code="l">0</subfield>
    <subfield code="p">2026-2240</subfield>
    <subfield code="r">2026-03-16</subfield>
    <subfield code="t">e.1</subfield>
    <subfield code="w">2026-03-16</subfield>
    <subfield code="y">ISSUE</subfield>
  </datafield>
  <datafield tag="952" ind1=" " ind2=" ">
    <subfield code="0">0</subfield>
    <subfield code="1">0</subfield>
    <subfield code="2">ddc</subfield>
    <subfield code="4">0</subfield>
    <subfield code="5">6</subfield>
    <subfield code="7">0</subfield>
    <subfield code="8">SE</subfield>
    <subfield code="a">BNPHU</subfield>
    <subfield code="b">BNPHU</subfield>
    <subfield code="d">2026-03-16</subfield>
    <subfield code="h">A&#xF1;o 5. No. 19, agosto 2002</subfield>
    <subfield code="l">0</subfield>
    <subfield code="p">2026-2241</subfield>
    <subfield code="r">2026-03-16</subfield>
    <subfield code="t">e.3</subfield>
    <subfield code="w">2026-03-16</subfield>
    <subfield code="y">ISSUE</subfield>
  </datafield>
  <datafield tag="952" ind1=" " ind2=" ">
    <subfield code="0">0</subfield>
    <subfield code="1">0</subfield>
    <subfield code="2">ddc</subfield>
    <subfield code="4">0</subfield>
    <subfield code="5">6</subfield>
    <subfield code="7">0</subfield>
    <subfield code="8">SE</subfield>
    <subfield code="a">BNPHU</subfield>
    <subfield code="b">BNPHU</subfield>
    <subfield code="d">2026-03-16</subfield>
    <subfield code="h">A&#xF1;o 5. No. 18, junio 2002</subfield>
    <subfield code="l">0</subfield>
    <subfield code="p">2026-2279</subfield>
    <subfield code="r">2026-03-16</subfield>
    <subfield code="t">e.2</subfield>
    <subfield code="w">2026-03-16</subfield>
    <subfield code="y">ISSUE</subfield>
  </datafield>
  <datafield tag="952" ind1=" " ind2=" ">
    <subfield code="0">0</subfield>
    <subfield code="1">0</subfield>
    <subfield code="2">ddc</subfield>
    <subfield code="4">0</subfield>
    <subfield code="5">6</subfield>
    <subfield code="7">0</subfield>
    <subfield code="8">SE</subfield>
    <subfield code="a">BNPHU</subfield>
    <subfield code="b">BNPHU</subfield>
    <subfield code="d">2026-03-17</subfield>
    <subfield code="h">A&#xF1;o 3. No. 8, octubre 2000</subfield>
    <subfield code="l">0</subfield>
    <subfield code="p">2026-2280</subfield>
    <subfield code="r">2026-03-17</subfield>
    <subfield code="t">e.1</subfield>
    <subfield code="w">2026-03-17</subfield>
    <subfield code="y">ISSUE</subfield>
  </datafield>
  <datafield tag="999" ind1=" " ind2=" ">
    <subfield code="c">60506</subfield>
    <subfield code="d">60506</subfield>
  </datafield>
</record>
